Marktreaktionsfunktionen mit Interaktionen zwischen Marketing-Instrumenten.
Reprodukovateľné interakčné efekty z hľadiska funkcií reakcie trhu. Operacionalizácia interakcií medzi nástrojmi marketingu. Interakcia medzi cenou marketingových nástrojov a reklamou. Reakcie elasticity a optimálnosti vybraných funkcií reakcií trhu (model lineárny, exponenciálny, logistický a model...
Salvato in:
| Autore principale: | |
|---|---|
| Natura: | Capitolo di libro |
| Lingua: | tedesco |
| Soggetti: | |
| Tags: |
Nessun Tag, puoi essere il primo ad aggiungerne!!
|
MARC
| LEADER | 00000naa a2200000 4500 | ||
|---|---|---|---|
| 001 | r004085 | ||
| 005 | 20221130104013.1 | ||
| 041 | 0 | |a ger | |
| 044 | |a DE | ||
| 245 | 1 | 0 | |a Marktreaktionsfunktionen mit Interaktionen zwischen Marketing-Instrumenten. |c Harald Hruschka |
| 520 | |a Reprodukovateľné interakčné efekty z hľadiska funkcií reakcie trhu. Operacionalizácia interakcií medzi nástrojmi marketingu. Interakcia medzi cenou marketingových nástrojov a reklamou. Reakcie elasticity a optimálnosti vybraných funkcií reakcií trhu (model lineárny, exponenciálny, logistický a model atraktívnosti). Interakcie elasticity na rozšírenie multiplikačných modelov. Empirický výskum za obdobie 35 mesiacov. | ||
| 610 | 2 | 0 | |a marketing |
| 610 | 2 | 0 | |a nástroje ekonomické |
| 610 | 2 | 0 | |a trh |
| 610 | 2 | 0 | |a mechanizmus trhový |
| 610 | 2 | 0 | |a ceny |
| 610 | 2 | 0 | |a reklama |
| 610 | 2 | 0 | |a modely lineárne |
| 610 | 2 | 0 | |a modely logistické |
| 610 | 2 | 0 | |a výskum ekonomický |
| 100 | 1 | |a Hruschka, Harald | |